[Event "SRB-chT (Women)"]
[Site "Kragujevac"]
[Date "2013.08.25"]
[Round "2.1"]
[White "Manakova, Maria"]
[Black "Nestorovic, Irena"]
[Result "1-0"]
[WhiteElo "2351"]
[BlackElo "2050"]
[PlyCount "107"]
[EventDate "2013.08.24"]
[EventType "team-tourn"]
[EventRounds "11"]
[EventCountry "SRB"]
[SourceTitle "CBM 156 Extra"]
[Source "ChessBase"]
[SourceDate "2013.10.22"]
[SourceVersion "1"]
[SourceVersionDate "2013.10.22"]
[SourceQuality "1"]
[WhiteTeam "Belgrade Rad (W)"]
[BlackTeam "Belgrade Nestor (W)"]
[WhiteTeamCountry "SRB"]
[BlackTeamCountry "SRB"]

1. e4 e5 2. Nf3 Nc6 3. d4 exd4 4. Nxd4 Nf6 5. Nxc6 bxc6 6. e5 Qe7 7. Qe2 Nd5 8. c4 Ba6 9. b3 Qb4+ 10. Qd2 Qxd2+ 11. Kxd2 Nf4 12. g3 Ne6 13. Bg2 Bc5 14. f4 0-0-0 15. Ba3 d5 16. cxd5 cxd5 17. Bxc5 Nxc5 18. Nc3 Ne4+ 19. Nxe4 dxe4+ 20. Kc2 Bd3+ 21. Kc3 Rd5 22. Rhe1 Rc5+ 23. Kb4 Rb5+ 24. Ka3 Ra5+ 25. Kb2 Rd8 26. a4 Rd4 27. Rac1 c5 28. Rc3 Kc7 29. Bf1 Bxf1 30. Rxf1 Rd2+ 31. Rc2 Rxc2+ 32. Kxc2 c4 33. Re1 cxb3+ 34. Kxb3 Rd5 35. Rxe4 Rd3+ 36. Kb4 Rd2 37. e6 fxe6 38. Rxe6 Rd4+ 39. Kb5 Rd5+ 40. Kc4 Rd7 41. Kc5 Rf7 42. Kd5 Rf5+ 43. Ke4 Ra5 44. Re7+ Kd6 45. Rxg7 Rxa4+ 46. Kf5 h5 47. Kg5 Ra5+ 48. f5 Ke5 49. f6 Ke6+ 50. Kg6 Ra4 51. Re7+ Kd6 52. Kxh5 Ra2 53. Kg6 a5 54. Rg7 1-0

[Event "Senta op-B 17th"]
[Site "Senta"]
[Date "2013.07.16"]
[Round "5"]
[White "Zivkovic, Momcilo"]
[Black "Nestorovic, Irena"]
[Result "1-0"]
[WhiteElo "2138"]
[BlackElo "2039"]
[PlyCount "59"]
[EventDate "2013.07.13"]
[EventType "swiss"]
[EventRounds "9"]
[EventCountry "SRB"]
[SourceTitle "EXT 2014"]
[Source "ChessBase"]
[SourceDate "2013.11.20"]
[SourceVersion "1"]
[SourceVersionDate "2013.11.20"]
[SourceQuality "1"]

1. e4 e5 2. Nf3 Nc6 3. Bc4 Be7 4. d3 Nf6 5. a3 d6 6. h3 h6 7. c3 Na5 8. Ba2 c5 9. 0-0 0-0 10. b4 cxb4 11. axb4 Nc6 12. b5 Nb8 13. Qe2 Nbd7 14. Nh4 Nc5 15. Ng6 Re8 16. Be3 b6 17. Nd2 Be6 18. Bxc5 bxc5 19. Bxe6 fxe6 20. Nc4 Kh7 21. Nxe7 Rxe7 22. Ra6 Ne8 23. Rfa1 Rb8 24. Na5 Rxb5 25. Nc6 Qc7 26. Rxa7 Qxc6 27. Rxe7 c4 28. Raa7 Qb6 29. Kh2 cxd3 30. Qg4 1-0